Sports Quiz

Random Sports or Hockey Quiz

NHL: I Never Won... Quiz Stats

Quiz not verified by Sporcle

Challenge
Share
Tweet
Embed
Score 0/12 Timer 03:00
0 Plays Today
Question Answer Wrong Answers
...a Stanley Cup? Paul Kariya
81.5%
Al MacInnis
5.4%
Shawn Thornton
2.2%
Bobby Hull
7.6%
...a Hart Trophy? Teemu Selanne
72.8%
Eddie Shore
7.6%
Brett Hull
8.7%
Corey Perry
8.7%
...a Calder Trophy? Sidney Crosby
71.7%
Scott Gomez
9.8%
Mike Bossy
4.3%
Alexander Ovechkin
13%
...a Selke Trophy? Mark Messier
64.1%
Steve Yzerman
14.1%
Sergei Fedorov
5.4%
Jonathan Toews
13%
...a Norris Trophy? Borje Salming
63%
Rob Blake
15.2%
Randy Carlyle
12%
Red Kelly
8.7%
...a Vezina Trophy? Roberto Luongo
63%
Olaf Kolzig
15.2%
Jim Carey
8.7%
Pelle Lindbergh
9.8%
...a scoring title? Steve Yzerman
58.7%
Evgeni Malkin
6.5%
Bryan Trottier
10.9%
Jarome Iginla
20.7%
...a Conn Smythe Trophy? Phil Esposito
58.7%
Claude Lemieux
12%
Mark Messier
2.2%
Larry Robinson
23.9%
...an Olympic gold medal? Wayne Gretzky
55.4%
Alexander Mogilny
14.1%
Tommy Salo
17.4%
Dominik Hasek
9.8%
...an Adams Award? Mike Babcock
41.3%
Don Cherry
34.8%
Pat Quinn
8.7%
John Tortorella
13%
...a goal-scoring title? Jaromir Jagr
39.1%
Peter Bondra
35.9%
Vincent Lecavalier
16.3%
Jonathan Cheechoo
6.5%
...an assist-scoring title? Joe Sakic
29.3%
Joe Thornton
12%
Mark Recchi
39.1%
Dick Irvin
16.3%

You're not logged in!

Compare scores with friends on all Sporcle quizzes.
Sign Up with Email
OR
Log In

You Might Also Like...

Show Comments

Extras

Top Quizzes Today


Score Distribution

Your Account Isn't Verified!

In order to create a playlist on Sporcle, you need to verify the email address you used during registration. Go to your Sporcle Settings to finish the process.